<?xml version="1.0" encoding="UTF-8"?>
<record
    xmlns:xsi="http://www.w3.org/2001/XMLSchema-instance"
    xsi:schemaLocation="http://www.loc.gov/MARC21/slim http://www.loc.gov/standards/marcxml/schema/MARC21slim.xsd"
    xmlns="http://www.loc.gov/MARC21/slim">

  <leader>00362nam a2200121Ia 4500</leader>
  <controlfield tag="008">231129s1997||||xx |||||||||||||| ||spa||</controlfield>
  <datafield tag="082" ind1=" " ind2=" ">
    <subfield code="a">ER- 534</subfield>
  </datafield>
  <datafield tag="100" ind1=" " ind2=" ">
    <subfield code="a">Ossa Pati&#xF1;o  Luis Alberto ... [et al.]</subfield>
  </datafield>
  <datafield tag="245" ind1=" " ind2="0">
    <subfield code="a">La salud ocupacional en el trabajo docente en Risaralda</subfield>
  </datafield>
  <datafield tag="260" ind1=" " ind2=" ">
    <subfield code="c">1997</subfield>
  </datafield>
  <datafield tag="264" ind1=" " ind2=" ">
    <subfield code="a">Santaf&#xE9; de Bogot&#xE1; D.C. : Codice  1997</subfield>
  </datafield>
  <datafield tag="942" ind1=" " ind2=" ">
    <subfield code="2">ddc</subfield>
    <subfield code="c">BKS</subfield>
  </datafield>
  <datafield tag="952" ind1=" " ind2=" ">
    <subfield code="0">0</subfield>
    <subfield code="1">0</subfield>
    <subfield code="2">ddc</subfield>
    <subfield code="4">0</subfield>
    <subfield code="7">0</subfield>
    <subfield code="a">BRC</subfield>
    <subfield code="b">BRC</subfield>
    <subfield code="d">2018-10-18</subfield>
    <subfield code="l">0</subfield>
    <subfield code="o">ER- 534</subfield>
    <subfield code="p">ER-534</subfield>
    <subfield code="r">2023-11-29 21:21:09</subfield>
    <subfield code="t">1</subfield>
    <subfield code="w">2023-11-29</subfield>
    <subfield code="y">BK</subfield>
  </datafield>
  <datafield tag="999" ind1=" " ind2=" ">
    <subfield code="c">18179</subfield>
    <subfield code="d">18179</subfield>
  </datafield>
</record>
